01003 2200385 4500001002100000005001500021035002500036020002200061040001200083082001600095084001600111100002100127245005000148260003100198300004300229500001100272650001300283850001200296041000800308007000300316008004100319651002500360090002000385090001900405504003400424990001700458990001700475990001600492990001700508990001700525990001800542990001800560990001800578990002100596INLIS00000000000540820180709112309 a0010-051500000000541 a978-602-7544-84-0 aYOPDYOG042[23]a959.8 a959.8 Abd S0 aABD Rahman Hamid0 aSejarah maritim Indonesia /cAbd Rahman Hamid3 aYogyakarta :bOmbak,c2013 axiv, 248 halaman :bilustrasi ;c21 cm aIndeks 4aKelautan aYOPDYOG0 aindt|150518s2013 yoia ind d 4aIndonesia--xSejarah aDEP 959.8 Abd S aPK 959.8 Abd S aBibliografi : halaman 229-239 a0601-PD/B.13 a0602-PD/B.13 a603-PD/B.13 a5326-PD/B.13 a5324-PD/B.13 a12738-PD/B.15 a12739-PD/B.15 a12740-PD/B.15 aCB-D.11/2013-904